| 000 | 00475nam a2200169Ia 4500 | ||
|---|---|---|---|
| 999 |
_c35321 _d35321 |
||
| 003 | OSt | ||
| 005 | 20201214102632.0 | ||
| 008 | 190216s9999||||xx |||||||||||||| ||und|| | ||
| 040 | _coclc | ||
| 082 |
_a599 _bCAR/T |
||
| 100 |
_aCarrington, Richard _97420 |
||
| 245 | 4 |
_aThe Mammals / _cRichard Carrington |
|
| 260 |
_bTime Life International, _c1973. _aNederland: |
||
| 300 | _a192p | ||
| 650 | _aBiology | ||
| 942 |
_cREF _2ddc _h599 _iCAR/T _k599 _mCAR/T |
||